[Event "SVM_Verbandsliga_Süd_2023-24"]
[Site "?"]
[Date "2024.02.04"]
[Round "6.4"]
[White "Langer, Raphael"]
[Black "Höck, Sebastian"]
[Result "1-0"]
[WhiteElo "1951"]
[BlackElo "1701"]
[PlyCount "63"]
[EventDate "2024.02.04"]
[WhiteTeam "SF Lohmar 1"]
[BlackTeam "SC Siegburg 2"]

1. d4 d5 2. c4 dxc4 3. Nf3 c5 4. d5 b5 5. a4 Qa5+ 6. Bd2 b4 7. e4 Nd7 8. Bxc4
Nb6 9. Bb5+ Bd7 10. Bxd7+ Nxd7 11. O-O g6 12. Na3 Bg7 13. Nc4 Qa6 14. Rc1 Nb6
15. b3 Nf6 16. Re1 O-O 17. Bg5 Rfd8 18. Qe2 Rac8 19. Nfe5 h6 20. Bxf6 Bxf6 21.
Nxf7 Rf8 22. Nxh6+ Kg7 23. Ng4 Bc3 24. Nxb6 Qxb6 25. Red1 Rf7 26. Qe3 Bd4 27.
Qh6+ Kg8 28. Rxd4 Rh7 29. Qg5 Rh5 30. Qxe7 Rc7 31. Nf6+ Kh8 32. Qf8# 1-0

[Event "SVM_Verbandsliga_Süd_2023-24"]
[Site "?"]
[Date "2024.02.04"]
[Round "6.5"]
[White "Grunewald, Willi"]
[Black "Dirschke, Philipp"]
[Result "1/2-1/2"]
[WhiteElo "1842"]
[BlackElo "1867"]
[PlyCount "39"]
[EventDate "2024.02.04"]
[WhiteTeam "SC Siegburg 2"]
[BlackTeam "SF Lohmar 1"]

1. d4 Nf6 2. Nf3 d5 3. Bf4 c5 4. e3 Nc6 5. Nbd2 Qb6 6. dxc5 Qxb2 7. Bd3 e6 8.
O-O Bxc5 9. e4 O-O 10. e5 Ne4 11. Nxe4 dxe4 12. Bxe4 g6 13. Rb1 Qc3 14. Rb3 Qa5
15. Ng5 Be7 16. Bxc6 bxc6 17. Ne4 Rd8 18. Qa1 Ba6 19. Rfb1 Qa4 20. Nf6+ 1/2-1/2

[Event "SVM_Verbandsliga_Süd_2023-24"]
[Site "?"]
[Date "2024.02.04"]
[Round "6.6"]
[White "Rokitta, Uwe"]
[Black "Schreiner, Julian"]
[Result "1-0"]
[WhiteElo "1715"]
[BlackElo "1470"]
[PlyCount "93"]
[EventDate "2024.02.04"]
[WhiteTeam "SF Lohmar 1"]
[BlackTeam "SC Siegburg 2"]

1. e4 c6 2. d4 d6 3. Bc4 Qc7 4. Nf3 e5 5. O-O Bg4 6. dxe5 dxe5 7. Nbd2 Nf6 8.
Re1 Nbd7 9. c3 Be7 10. Nf1 Rd8 11. Qe2 O-O 12. h3 Bh5 13. Ng3 Bg6 14. Nh4 Bc5
15. Bg5 h6 16. Nxg6 hxg5 17. Nxf8 Nxf8 18. Red1 Re8 19. Rd2 Ng6 20. Nh5 Nh7 21.
Rad1 Re7 22. Qg4 Nhf8 23. Qxg5 b5 24. Bb3 a5 25. Rd8 Kh7 26. a3 Nd7 27. Qf5
Qxd8 28. Bxf7 Qf8 29. Bxg6+ Kg8 30. Ng3 Nf6 31. Kh1 a4 32. Qf3 Rd7 33. Rxd7
Nxd7 34. Qh5 Nf6 35. Qxe5 Bxf2 36. Nf5 Bc5 37. Qe6+ Kh8 38. Qxc6 Ba7 39. Nd6
Bb8 40. Nf7+ Kg8 41. Qe6 Nh7 42. e5 Ba7 43. Qf5 Qc5 44. Bxh7+ Kf8 45. Nd6+ Ke7
46. Qf7+ Kd8 47. Nb7+ 1-0

[Event "SVM_Verbandsliga_Süd_2023-24"]
[Site "?"]
[Date "2024.02.04"]
[Round "6.7"]
[White "Benesch, Herbert"]
[Black "Ossowski, Rolf"]
[Result "0-1"]
[WhiteElo "1638"]
[BlackElo "1856"]
[PlyCount "182"]
[EventDate "2024.02.04"]
[WhiteTeam "SC Siegburg 2"]
[BlackTeam "SF Lohmar 1"]

1. c4 f5 2. Nc3 Nf6 3. g3 d6 4. Bg2 e5 5. e3 Be7 6. Nge2 O-O 7. O-O Qe8 8. d4
Nbd7 9. Nd5 Bd8 10. b3 Ng4 11. h3 Ngf6 12. Bb2 c6 13. Nb4 Ne4 14. Kh2 Ng5 15.
Nd3 Bf6 16. f4 exf4 17. exf4 Ne4 18. Nf2 Nxf2 19. Rxf2 Qf7 20. Nc3 Re8 21. Qd2
Nf8 22. d5 c5 23. Re1 Rxe1 24. Qxe1 Bd7 25. Re2 Re8 26. Rxe8 Bxe8 27. Nd1 Bxb2
28. Nxb2 b5 29. a3 Bd7 30. Bf1 a6 31. a4 b4 32. Qe2 Qf6 33. Nd1 Kf7 34. Qb2 Qe7
35. Qe2 Qd8 36. Qb2 h6 37. Bd3 Nh7 38. Qc2 g6 39. Kg2 Qf6 40. Qb2 Qxb2+ 41.
Nxb2 Kf6 42. h4 g5 43. hxg5+ hxg5 44. Kf3 Nf8 45. Nd1 Ng6 46. Ne3 Nh8 47. Bc2
Nf7 48. Bd1 Nh6 49. Kf2 Ng4+ 50. Nxg4+ fxg4 51. Ke3 Bf5 52. Kf2 Bb1 53. a5 Kf5
54. Ke3 gxf4+ 55. gxf4 g3 56. Kf3 g2 57. Kxg2 Kxf4 58. Kf2 Bd3 59. Ke1 Ke3 60.
Bg4 Bc2 61. Bc8 Bxb3 62. Bxa6 Bc2 63. Bb5 Kd3 64. a6 b3 65. a7 b2 66. a8=Q
b1=Q+ 67. Kf2 Qb2 68. Qe8 Bd1+ 69. Kg3 Qg7+ 70. Kf2 Qf6+ 71. Ke1 Bg4 72. Bd7
Qh4+ 73. Kf1 Qh1+ 74. Kf2 Qf3+ 75. Kg1 Qg3+ 76. Kf1 Bxd7 77. Qxd7 Kxc4 78. Qa4+
Kxd5 79. Qa8+ Kd4 80. Qa4+ c4 81. Qa7+ Ke4 82. Qb7+ d5 83. Qh7+ Kd4 84. Qa7+
Kd3 85. Qh7+ Kd2 86. Qh6+ Qe3 87. Qh2+ Kc1 88. Qa2 Qd3+ 89. Kg1 Qd1+ 90. Kf2
Qd2+ 91. Qxd2+ Kxd2 0-1